02080cam a2200349Ia 45000010008000000030004000080050017000120080041000290150019000700160018000890200025001070200022001320350024001540350021001780350017001990400034002160500022002500600023002720820015002951000034003102450136003442500012004802600044004923000039005365040051005755050962006266500022015886500029016106500033016396500029016727000029017019381161OSt20150408114134.0111201s2013 moua b 001 0 eng d aGBB1D99872bnb7 a0159868422Uk a9781437725438 (pbk.) a1437725430 (pbk.) a(OCoLC)ocn768072474 a(OCoLC)768072474 a(NNC)9381161 aUKMGBcUKMGBdYDXCPdSMVdMMU 4aRM701b.G658 2013 4aWB 460bG653d 201304a615.822231 aGoodman, Catherine Cavallaro.10aDifferential diagnosis for physical therapists :bscreening for referral /cby Catherine Cavallaro Goodman, Teresa E. Kelly Snyder. a5th ed. aSt. Louis :bElsevier Saunders,cc2013. axix, 787 p. :bcol. ill. ;c28 cm. aIncludes bibliographical references and index.0 aIntroduction to the screening process -- Introduction to screening for referral in physical therapy -- Interviewing as a screening tool -- Pain types and viscerogenic pain patterns -- Physical assessment as a screening tool -- Viscerogenic causes of neuromusculoskeletal pain and dysfunction -- Screening for hematologic disease -- Screening for cardiovascular disease -- Screening for pulmonary disease -- Screening for gastrointestinal disease -- Screening for hepatic and biliary disease -- Screening for urogenital disease -- Screening for endocrine and metabolic disease -- Screening for immunologic disease -- Screening for cancer -- Systemic origins of neuromuscular or musculoskeletal pain and dysfunction -- Screening the head, neck, and back -- Screening the sacrum, sacroiliac, and pelvis -- Screening the lower quadrant: buttock, hip, groin, thigh, and leg -- Screening the chest, breasts, and ribs -- Screening the shoulder and upper extremity. 0aPhysical therapy. 0aDiagnosis, Differential.12aPhysical Therapy Modalities.22aDiagnosis, Differential.1 aSnyder, Teresa E. Kelly.